Statistics for 2023年ニューイヤー駅伝の出場チーム

Click here to take the quiz!

General Stats

  • This quiz has been taken 68 times
  • The average score is 14 of 37

Answer Stats

HintAnswer% Correct
1Honda
84%
3トヨタ自動車
81%
16旭化成
73%
7SUBARU
70%
18コニカミノルタ
68%
2富士通
65%
11トヨタ自動車九州
59%
10JR東日本
54%
20九電工
51%
9トヨタ紡織
46%
17中国電力
46%
32コモディイイダ
43%
22マツダ
43%
5GMOインターネットグループ
43%
14黒崎播磨
41%
36YKK
38%
6SGホールディングス
35%
28ヤクルト
32%
4三菱重工
32%
19NTT西日本
32%
出場辞退安川電機
30%
15サンベルクス
27%
8中電工
27%
34西鉄
27%
23大塚製薬
24%
24住友電工
24%
12日立物流
24%
21愛三工業
22%
27大阪ガス
19%
30埼玉医科大学G
19%
25トーエネック
16%
31JFEスチール
16%
13Kao
16%
29NTN
16%
26愛知製鋼
14%
35戸上電機製作所
14%
33中央発條
5%

Score Distribution

Percentile by Number Answered

Percent of People with Each Score

Your Score History

You have not taken this quiz